[Event "ch-FRA Blitz Online Qual"]
[Site "Europe-Chess INT"]
[Date "2020.05.16"]
[Round "5"]
[White "Lefrancois, Jean"]
[Black "Linnemer, Laurent"]
[Result "0-1"]
[WhiteElo "1038"]
[BlackElo "2163"]
[WhiteFideId "551055635"]
[BlackFideId "651095"]
[EventDate "2020.05.16"]

1. d4 Nf6 2. Nc3 d6 3. Bf4 Nbd7 4. Nf3 c5 5. dxc5 Nxc5 6. e3 g6 7. Bb5+ Bd7 8.
Bxd7+ Qxd7 9. O-O Bg7 10. h3 O-O 11. b4 Ne6 12. Bh2 Rfc8 13. Ne2 Qa4 14. Rc1
Qxa2 15. Ned4 a6 16. Nxe6 Qxe6 17. Re1 Rc4 18. Nd4 Qd7 19. Qf3 e5 20. Nb3 Rxb4
21. Red1 Qe7 22. Na5 d5 23. Rd2 Rb5 24. Nb3 a5 25. Rcd1 a4 26. Na1 Rc5 27. Rd3
b5 28. c3 Rac8 29. Rc1 e4 30. Qe2 exd3 31. Qxd3 Ne4 32. f3 Nxc3 33. Nc2 Na2 34.
Qa3 Nc3 35. Qb4 Ne2+ 36. Kf2 Nxc1 37. Kg3 Qg5+ 38. Kf2 Rxc2+ 39. Ke1 Qxe3+ 40.
Kd1 Qe2# 0-1

[Event "ch-FRA Blitz Online Qual"]
[Site "Europe-Chess INT"]
[Date "2020.05.16"]
[Round "5"]
[White "Anselin, Djavan"]
[Black "Cocogne, Ludovic"]
[Result "1-0"]
[WhiteElo "1499"]
[BlackElo "1924"]
[WhiteFideId "36080713"]
[BlackFideId "644536"]
[EventDate "2020.05.16"]

1. e4 c5 2. d4 cxd4 3. c3 dxc3 4. Nxc3 Nc6 5. Bc4 e6 6. Nf3 a6 7. a4 Bb4 8. O-O
Bxc3 9. bxc3 Nge7 10. Bf4 d5 11. exd5 exd5 12. Bb3 O-O 13. Re1 Ng6 14. Bg5 Qa5
15. Rc1 Bg4 16. Qxd5 Qxd5 17. Bxd5 Na5 18. h3 Bxf3 19. Bxf3 Rab8 20. Rcd1 Nc6
21. Bxc6 bxc6 22. Rb1 h6 23. Be3 Ne5 24. Bf4 f6 25. Bxe5 Rxb1 26. Rxb1 fxe5 27.
Rb6 Ra8 28. Rxc6 Kf7 29. Kf1 a5 30. Ke2 Rb8 31. Rc5 Rb2+ 32. Ke3 Rb3 33. Kd3 Rb2
34. Ke3 Rb3 35. Rxa5 Rxc3+ 36. Ke2 Kf6 37. Rb5 Rc2+ 38. Kf3 Rc3+ 39. Ke2 Rc2+
40. Ke3 Rc3+ 41. Kd2 Ra3 42. a5 Ra2+ 43. Ke1 Ra1+ 44. Ke2 Ra2+ 45. Kf3 Ra3+ 46.
Ke4 Ra4+ 47. Kd5 Ra2 48. Rb6+ Kf5 49. a6 Rxf2 50. g4+ Kf4 51. Rb7 Ra2 52. a7 Kg3
53. Kxe5 Kxh3 54. Rxg7 Ra5+ 55. Kd6 Ra6+ 56. Kc5 Ra1 57. Kc6 Rc1+ 58. Kb7 Rb1+
59. Kc8 Rc1+ 60. Kb8 Rb1+ 61. Rb7 Ra1 62. Rh7 Rb1+ 63. Ka8 Kxg4 64. Rxh6 Kg5 65.
Rh7 Kf6 66. Rb7 Ra1 67. Kb8 Ke6 68. a8=Q Rxa8+ 69. Kxa8 1-0

[Event "ch-FRA Blitz Online Qual"]
[Site "Europe-Chess INT"]
[Date "2020.05.16"]
[Round "5"]
[White "Pineau, Patrick"]
[Black "Gratton, Alexandre"]
[Result "0-1"]
[WhiteElo "1349"]
[BlackElo "1792"]
[WhiteFideId "20673329"]
[BlackFideId "551063689"]
[EventDate "2020.05.16"]

1. d4 Nf6 2. c4 e6 3. Nf3 d5 4. Nc3 Bb4 5. Bg5 Bxc3+ 6. bxc3 Nbd7 7. e3 h6 8.
Bh4 b6 9. Be2 Bb7 10. O-O O-O 11. Bg3 Ne4 12. Qc2 Nxg3 13. fxg3 Nf6 14. Bd3 c5
15. a4 Rc8 16. Ne5 dxc4 17. Bxc4 cxd4 18. exd4 Nd5 19. Bxd5 Qxd5 20. Nf3 Ba6 21.
Rfe1 Rc6 22. Ne5 Qxd4+ 23. cxd4 Rxc2 24. Red1 Rd8 25. Rac1 Rxc1 26. Rxc1 Rxd4
27. Nc6 Rd2 28. Nxa7 Bb7 29. Nc6 Ra2 30. Rc4 g5 31. h4 Kg7 32. hxg5 hxg5 33. Kh2
Kf6 34. g4 Bxc6 35. Rxc6 Rxa4 36. Rxb6 Rxg4 37. Kh3 Rf4 38. Rb5 e5 39. g3 Rc4
40. Rb6+ Kf5 41. Rb7 f6 42. Rb2 Rc3 43. Rf2+ Ke6 44. Rd2 e4 45. Re2 Ke5 46. Kg4
f5+ 47. Kxg5 Rxg3+ 48. Kh4 Rg8 49. Kh5 f4 50. Kh4 f3 51. Rf2 Kf4 52. Kh3 Rh8# 0-1

[Event "ch-FRA Blitz Online Qual"]
[Site "Europe-Chess INT"]
[Date "2020.05.16"]
[Round "5"]
[White "Ratsavong, Moukda"]
[Black "Ninin, Gabriel"]
[Result "1-0"]
[WhiteElo "1789"]
[BlackElo "1426"]
[WhiteFideId "632872"]
[BlackFideId "45169756"]
[EventDate "2020.05.16"]

1. e4 d5 2. exd5 Nf6 3. Nc3 Nxd5 4. Qf3 Nf6 5. h3 a6 6. Bc4 Bd7 7. Qe2 Bc6 8.
Nf3 e6 9. d3 Bb4 10. Bd2 Nbd7 11. O-O-O b5 12. Bxe6 fxe6 13. Qxe6+ Qe7 14. Qxc6
O-O 15. Rhe1 Qf7 16. Ng5 Qg6 17. h4 Bxc3 18. Bxc3 h6 19. Ne6 Rfe8 20. Re3 Rab8
21. Rg3 Qf7 22. Rxg7+ Qxg7 23. Nxg7 Kxg7 24. Qxd7+ Kf8 25. Bxf6 Re7 26. Qxe7+ 1-0

[Event "ch-FRA Blitz Online Qual"]
[Site "Europe-Chess INT"]
[Date "2020.05.16"]
[Round "5"]
[White "Kvashyna, Tetyana"]
[Black "Barbaggi, Sasha"]
[Result "1-0"]
[WhiteElo "1764"]
[BlackElo "1375"]
[WhiteFideId "641510"]
[BlackFideId "551018780"]
[EventDate "2020.05.16"]

1. d4 Nf6 2. Nf3 d6 3. c4 Nbd7 4. Nc3 e5 5. d5 a5 6. e4 Nc5 7. Nd2 g6 8. f3 Bg7
9. Be2 O-O 10. O-O b6 11. a4 Qd7 12. Nb3 Nxb3 13. Qxb3 c6 14. Qxb6 cxd5 15. Nxd5
Nxd5 16. cxd5 Qa7 17. Be3 Qxb6 18. Bxb6 Rb8 19. Bxa5 Rxb2 20. Bb5 f5 21. Bc7 Rf6
22. Rac1 fxe4 23. fxe4 Rxf1+ 24. Kxf1 Bh6 25. Rc6 Bd7 26. Rxd6 Bxb5+ 27. axb5
Rxb5 28. Re6 Kf8 29. d6 Rb1+ 30. Ke2 Rb2+ 31. Kf3 Rb3+ 32. Kg4 Rd3 33. Rxe5 Bg7
34. Re7 h5+ 35. Kg5 h4 36. Kxg6 h3 37. gxh3 Rxh3 38. Rf7+ Ke8 39. d7# 1-0

[Event "ch-FRA Blitz Online Qual"]
[Site "Europe-Chess INT"]
[Date "2020.05.16"]
[Round "5"]
[White "Garde, Guillaume"]
[Black "Touat, Kais"]
[Result "1-0"]
[WhiteElo "1716"]
[BlackElo "1416"]
[WhiteFideId "45138273"]
[BlackFideId "45136815"]
[EventDate "2020.05.16"]

1. e4 e5 2. Nf3 Nc6 3. Bc4 Bc5 4. c3 Nf6 5. d3 d6 6. O-O O-O 7. Nbd2 Be6 8. h3
Qd7 9. Re1 Na5 10. Bxe6 fxe6 11. b4 Bxb4 12. cxb4 Nc6 13. b5 Ne7 14. a4 Ng6 15.
Nf1 Rae8 16. Ng3 d5 17. exd5 exd5 18. Ba3 Rf7 19. Rc1 Nf4 20. Ng5 Rfe7 21. Bxe7
Qxe7 22. Nf3 Qf7 23. Nxe5 Qf8 24. Qf3 Ne6 25. Nf5 Nd4 26. Nxd4 1-0

[Event "ch-FRA Blitz Online Qual"]
[Site "Europe-Chess INT"]
[Date "2020.05.16"]
[Round "5"]
[White "Kosciusko-Morizet, Antoine"]
[Black "Staune, Jean"]
[Result "1-0"]
[WhiteElo "1293"]
[BlackElo "1719"]
[WhiteFideId "45166749"]
[BlackFideId "26091631"]
[EventDate "2020.05.16"]

1. e4 c5 2. Nc3 Nc6 3. Bb5 e6 4. Bxc6 bxc6 5. f4 g6 6. d3 Bg7 7. Nf3 Ne7 8. O-O
d6 9. Qe1 O-O 10. Qg3 Bb7 11. Qh3 Bc8 12. Ng5 h6 13. Nf3 f6 14. Qh4 g5 15. fxg5
fxg5 16. Bxg5 Bd4+ 17. Nxd4 cxd4 18. Bxe7 Rxf1+ 19. Rxf1 Qb6 20. Rf8+ Kh7 21.
Rf7+ 1-0

[Event "ch-FRA Blitz Online Qual"]
[Site "Europe-Chess INT"]
[Date "2020.05.16"]
[Round "5"]
[White "Nomel, Mathis"]
[Black "Gauthier, Laurent2"]
[Result "0-1"]
[WhiteElo "1262"]
[BlackElo "1704"]
[WhiteFideId "36054399"]
[BlackFideId "676810"]
[EventDate "2020.05.16"]

1. d4 Nf6 2. c4 c5 3. d5 b5 4. Nf3 bxc4 5. Nc3 d6 6. e4 g6 7. e5 dxe5 8. Nxe5
Bg7 9. Bxc4 O-O 10. O-O Bb7 11. Qb3 Qc7 12. d6 exd6 13. Nb5 Qe7 14. Nxd6 Qxd6
15. Qxb7 Qxe5 16. Qxa8 Nbd7 17. Qxa7 Qd4 18. Qa4 Ne5 19. Be2 Qxa4 0-1

[Event "ch-FRA Blitz Online Qual"]
[Site "Europe-Chess INT"]
[Date "2020.05.16"]
[Round "5"]
[White "Farthouat, Titoine"]
[Black "Meyssirel, Tom"]
[Result "1-0"]
[WhiteElo "1652"]
[BlackElo "1333"]
[WhiteFideId "36015660"]
[BlackFideId "45197245"]
[EventDate "2020.05.16"]

1. e4 e5 2. Nf3 Nc6 3. d4 exd4 4. Nxd4 Bc5 5. Nxc6 Qf6 6. Qe2 Qxc6 7. Nc3 Ne7 8.
Be3 Bb4 9. Bd2 O-O 10. a3 Bc5 11. Be3 Bxe3 12. Qxe3 d6 13. Bb5 Qb6 14. Qd3 a6
15. Ba4 Ng6 16. Bb3 Ne5 17. Qe2 Bg4 18. f3 Bd7 19. Nd5 Qd4 20. c3 Qd3 21. Qxd3
Nxd3+ 22. Kd2 Nc5 23. Bc2 Rac8 24. Ne7+ Kh8 25. Nxc8 Rxc8 26. b4 Ne6 27. Bb3 c5
28. Rac1 c4 29. Ba2 b5 30. Ke3 Bc6 31. Rhd1 Rd8 32. Rd2 d5 33. Rcd1 d4+ 34. cxd4
Kg8 35. d5 Bxd5 36. Rxd5 Ng5 37. Rxd8# 1-0

[Event "ch-FRA Blitz Online Qual"]
[Site "Europe-Chess INT"]
[Date "2020.05.16"]
[Round "5"]
[White "Gratton, Manolo"]
[Black "Joly, Charlotte"]
[Result "1-0"]
[WhiteElo "1573"]
[BlackElo "1454"]
[WhiteFideId "551089157"]
[BlackFideId "36022292"]
[EventDate "2020.05.16"]

1. e4 d5 2. exd5 Qxd5 3. Nc3 Qa5 4. Bc4 c6 5. d4 Nf6 6. Nf3 Bg4 7. Bd2 Qc7 8. h3
Bxf3 9. Qxf3 e6 10. O-O Bd6 11. Bg5 Nbd7 12. a3 O-O 13. Rfe1 h6 14. Bh4 Rae8 15.
Rad1 Nb6 16. Bd3 Nbd5 17. Ne4 Be7 18. Bg3 Qb6 19. Re2 Rd8 20. c4 Nc7 21. Be5
Nce8 22. b4 a6 23. c5 Qa7 24. Bc2 Nd5 25. Nc3 Nef6 26. Qd3 g6 27. Nxd5 Nxd5 28.
Qd2 Bf6 29. Qxh6 Bxe5 30. Rxe5 Nc3 31. Bxg6 fxg6 32. Qxg6+ Kh8 33. Rh5# 1-0

[Event "ch-FRA Blitz Online Qual"]
[Site "Europe-Chess INT"]
[Date "2020.05.16"]
[Round "5"]
[White "Minde, Timothe"]
[Black "Deurvillier, Martial"]
[Result "0-1"]
[WhiteElo "1075"]
[BlackElo "1556"]
[WhiteFideId "551015579"]
[BlackFideId "26017091"]
[EventDate "2020.05.16"]

1. e4 e6 2. d4 d5 3. e5 c5 4. c3 Nc6 5. Nf3 Qb6 6. Bd3 Bd7 7. Bc2 Rc8 8. O-O
cxd4 9. cxd4 Nge7 10. b3 g6 11. Bb2 Nb4 12. Bd3 Nxd3 13. Qxd3 Nf5 14. Na3 Be7
15. Rac1 O-O 16. Nc2 Rc7 17. Rfe1 Rfc8 18. Ne3 Nxe3 19. Qxe3 Rc2 20. Rxc2 Rxc2
21. Rb1 Qc7 22. h3 a6 23. Ne1 Rc6 24. Nf3 Qc8 25. Rc1 Rxc1+ 26. Qxc1 Qxc1+ 27.
Bxc1 Bb5 28. g3 Bd3 29. a3 Bc2 30. b4 Be4 31. Nd2 Bd3 32. Kg2 Bg5 33. f4 Be7 34.
Nf3 Be4 35. Kf2 Bd8 36. Nd2 Bd3 37. Ke3 Bb5 38. Nb3 Bb6 39. Nc5 Bxc5 40. dxc5
Kf8 41. Kd4 Ke7 42. h4 Kd7 43. Bb2 Kc6 44. Bc3 h5 45. Bb2 Be2 46. Bc3 Kb5 47.
Bb2 Ka4 48. Kc3 Bc4 49. Bc1 a5 50. bxa5 Kxa5 51. Bb2 Kb5 52. Bc1 Kxc5 53. Be3+
Kb5 54. Bd4 Ka4 55. Kb2 b5 56. Bc3 Bb3 57. Bd4 b4 58. axb4 Kxb4 59. Kc1 Kc4 60.
Bb2 Kd3 61. Ba3 Ke3 62. Bc5+ Kf3 63. Kd2 Kxg3 64. Ke2 Kxf4 65. Bd4 Kg4 66. Kf2
Bc2 67. Kg2 Kxh4 68. Kf3 Be4+ 69. Kf4 g5+ 70. Ke3 Kh3 71. Kf2 g4 72. Kg1 g3 73.
Be3 Kg4 74. Bd4 h4 75. Bf2 gxf2+ 76. Kxf2 h3 77. Kg1 Kg3 78. Kf1 h2 79. Ke2 h1=Q
80. Kd2 Qg2+ 81. Kc3 Qf3+ 82. Kd4 Qd3+ 83. Kc5 Qc4+ 84. Kd6 Qa6+ 85. Ke7 Qb7+
86. Kf6 Kf3 87. Kg5 Qe7+ 88. Kh6 Kg4 89. Kg7 f5+ 90. Kg8 Kg5 91. Kh8 Kh6 92. Kg8
Qg7# 0-1

[Event "ch-FRA Blitz Online Qual"]
[Site "Europe-Chess INT"]
[Date "2020.05.16"]
[Round "5"]
[White "Gabino, Karl"]
[Black "Mezouaghi, Miloud"]
[Result "0-1"]
[WhiteElo "1331"]
[BlackElo "1999"]
[WhiteFideId "45135886"]
[BlackFideId "612634"]
[EventDate "2020.05.16"]

1. e4 g6 2. d4 Bg7 3. Be3 c6 4. Nc3 d5 5. Nf3 dxe4 6. Nxe4 Nd7 7. c3 Ngf6 8.
Nxf6+ Nxf6 9. Qc2 O-O 10. Bd3 a5 11. a4 Qc7 12. h3 Nd5 13. Bd2 Nf4 14. Bxf4 Qxf4
15. O-O Bxh3 16. gxh3 Qxf3 17. Rae1 Qxh3 18. Re3 Qg4+ 19. Kh1 Rae8 20. Rg3 Qh4+
21. Kg2 e5 22. Rh1 Qe7 23. Rgh3 e4 24. Bc4 Qg5+ 25. Kf1 h6 26. Qb3 e3 27. fxe3
Rxe3 28. Rxe3 Qxe3 29. Qxb7 Qf3+ 30. Ke1 Qxh1+ 31. Kd2 h5 32. Qxc6 Bh6+ 33. Kc2
Qxc6 34. d5 Qxc4 35. d6 Qd5 36. b3 Qxd6 37. c4 h4 38. Kc3 Qc5 0-1

[Event "ch-FRA Blitz Online Qual"]
[Site "Europe-Chess INT"]
[Date "2020.05.16"]
[Round "5"]
[White "Bellaiche, Elise"]
[Black "Langer, Franck"]
[Result "1-0"]
[WhiteTitle "WFM"]
[WhiteElo "2036"]
[BlackElo "1327"]
[WhiteFideId "696366"]
[BlackFideId "45175063"]
[EventDate "2020.05.16"]

1. e4 c5 2. g3 e6 3. Bg2 d5 4. exd5 exd5 5. Ne2 Nf6 6. O-O Be7 7. d4 cxd4 8.
Nxd4 O-O 9. Re1 Bc5 10. Nb3 Bb6 11. Nc3 d4 12. Ne4 Nxe4 13. Bxe4 Nc6 14. Bf4 Be6
15. a4 Qf6 16. a5 Bd8 17. a6 Nb4 18. axb7 Rb8 1-0

[Event "ch-FRA Blitz Online Qual"]
[Site "Europe-Chess INT"]
[Date "2020.05.16"]
[Round "5"]
[White "Ritzenthaler, Stephane"]
[Black "Plaidit, Hugo"]
[Result "1-0"]
[WhiteElo "1988"]
[BlackElo "1319"]
[WhiteFideId "638080"]
[BlackFideId "551003066"]
[EventDate "2020.05.16"]

1. e4 c6 2. d4 d5 3. exd5 cxd5 4. Nf3 Nc6 5. Bd3 Nf6 6. O-O Bg4 7. h3 Bh5 8. c3
e6 9. Bg5 Be7 10. Nbd2 O-O 11. Qc2 h6 12. Bf4 Bd6 13. Bxd6 Qxd6 14. Rfe1 Rac8
15. Ne5 Nb4 16. Qb1 Nxd3 17. Qxd3 Nd7 18. Ndf3 Bxf3 19. Nxf3 Rfe8 20. Rad1 a6
21. Ne5 Nxe5 22. Rxe5 Qe7 23. Rde1 Qf6 24. R5e3 b5 25. Rf3 Qe7 26. Qe3 Qd6 27.
Rg3 Kh8 28. Qf3 Qe7 29. Qg4 Qf6 30. Rf3 Qe7 31. Ree3 Rg8 32. Rf4 Rgf8 33. Rg3
Rg8 34. Rgf3 Rgf8 35. Qh5 Rc7 36. Qe5 Rd7 37. Rg4 Rg8 38. Rfg3 f6 39. Qe2 Qf7
40. Re3 Re8 41. f4 f5 42. Rgg3 Rde7 43. Rgf3 Rd7 44. Rf1 Rde7 45. Re1 Qf6 46.
Qc2 Qf7 47. a4 bxa4 48. Qxa4 Ra7 49. Qc6 Rae7 50. Qxa6 Kg8 51. Qc6 Rc7 52. Qd6
Rd7 53. Qe5 Rb7 54. b4 Rc7 55. Ra1 Rce7 56. Ra6 Kf8 57. Re1 Kg8 58. b5 Rb7 59.
Rxe6 Rxe6 60. Qxe6 Qxe6 61. Rxe6 Rxb5 62. Re5 Rb3 63. Rxf5 Rxc3 64. Rxd5 Kf7 65.
Kf2 Ke6 66. Rd8 Ke7 67. Ra8 Rc4 68. Ke3 Rc2 69. Ra7+ Kf6 70. Kf3 Rc4 71. Ke4 Rc2
72. g4 Rc3 73. Ra6+ Kf7 74. h4 Rc4 75. Ke5 Rc7 76. d5 Re7+ 77. Re6 Rd7 78. d6
Rd8 79. Re7+ Kf8 80. Ra7 Re8+ 81. Kd5 Rd8 82. Ke6 Re8+ 83. Re7 Rd8 84. d7 g6 85.
f5 gxf5 86. gxf5 h5 87. f6 Rxd7 88. Rxd7 Kg8 89. Kf5 Kf8 90. Kg6 Kg8 91. Rd8# 1-0

[Event "ch-FRA Blitz Online Qual"]
[Site "Europe-Chess INT"]
[Date "2020.05.16"]
[Round "5"]
[White "Gouja, Wissem"]
[Black "Naillou, Thomas"]
[Result "0-1"]
[WhiteElo "1346"]
[BlackElo "2072"]
[WhiteFideId "551013800"]
[BlackFideId "36009741"]
[EventDate "2020.05.16"]

1. e4 d5 2. exd5 Qxd5 3. Nc3 Qa5 4. d4 Nf6 5. Bc4 Bg4 6. Nf3 e6 7. h3 Bf5 8. O-O
c6 9. Bf4 Be7 10. Ne5 O-O 11. Qe2 Nbd7 12. Rfd1 Nxe5 13. dxe5 Nd5 14. Nxd5 cxd5
15. Bd3 Bxd3 16. Qxd3 Rac8 17. Be3 a6 18. f4 Bc5 19. c3 Qb6 20. Bd4 Bxd4+ 21.
cxd4 Qxb2 22. Rdb1 Qc2 23. Qxc2 Rxc2 24. Rxb7 Rd2 25. Rb4 h5 26. a4 Rc8 27. Rab1
Rcc2 28. Rb8+ Kh7 29. R8b7 Rxg2+ 30. Kh1 Kg6 31. R7b6 Rh2+ 32. Kg1 Rxh3 33. Rxa6
Rg3+ 34. Kh1 h4 35. Ra7 h3 36. Rab7 Rgg2 37. R7b3 Rh2+ 38. Kg1 Rcg2+ 39. Kf1
Rh1# 0-1

[Event "ch-FRA Blitz Online Qual"]
[Site "Europe-Chess INT"]
[Date "2020.05.16"]
[Round "5"]
[White "Mouret, Paul"]
[Black "Gheorghin, Felix"]
[Result "1-0"]
[WhiteElo "1748"]
[BlackElo "1310"]
[WhiteFideId "36059170"]
[BlackFideId "651027240"]
[EventDate "2020.05.16"]

1. e4 c5 2. Nc3 d6 3. g3 g6 4. Bg2 Bg7 5. d3 Nc6 6. Be3 Nf6 7. h3 h6 8. Qd2 Bd7
9. Nge2 Qc8 10. g4 g5 11. f4 gxf4 12. Nxf4 e5 13. Nfd5 Nxd5 14. Nxd5 Be6 15. O-O
Bxd5 16. exd5 Ne7 17. Be4 h5 18. Bf5 Nxf5 19. Rxf5 hxg4 20. hxg4 Rh4 21. Qe2 e4
22. Bg5 Rh3 23. Qxe4+ Be5 24. Bf4 Qc7 25. Bxe5 dxe5 26. Rxe5+ Kf8 27. Qf5 Rg3+
28. Kf2 Rxg4 29. Rh1 Rf4+ 30. Qxf4 Kg7 31. Rg5+ Kf8 32. Qxc7 Ke8 33. Rh8# 1-0

[Event "ch-FRA Blitz Online Qual"]
[Site "Europe-Chess INT"]
[Date "2020.05.16"]
[Round "5"]
[White "Lambert Hoareau, Guillaume"]
[Black "Goyer, Lionel"]
[Result "0-1"]
[WhiteElo "1348"]
[BlackElo "1782"]
[WhiteFideId "45172323"]
[BlackFideId "20628706"]
[EventDate "2020.05.16"]

1. e4 d5 2. exd5 Qxd5 3. Nc3 Qa5 4. Bc4 Nf6 5. Nf3 c6 6. d3 Bf5 7. Be3 e6 8. a3
Nbd7 9. O-O Be7 10. h3 h6 11. Nd4 Bg6 12. Nce2 O-O 13. Ng3 Qc7 14. Nf3 Bd6 15.
Qe1 Rad8 16. Bb3 Nd5 17. Bd2 Rfe8 18. Kh2 e5 19. Qe3 Nxe3 0-1

[Event "ch-FRA Blitz Online Qual"]
[Site "Europe-Chess INT"]
[Date "2020.05.16"]
[Round "5"]
[White "Guigay, Joel"]
[Black "Pothieux, Philippe"]
[Result "0-1"]
[WhiteElo "1315"]
[BlackElo "1796"]
[WhiteFideId "45174016"]
[BlackFideId "20606036"]
[EventDate "2020.05.16"]

1. e4 e6 2. Nf3 d5 3. e5 c5 4. d4 Nc6 5. c3 Qb6 6. Nbd2 Nge7 7. dxc5 Qxc5 8. Be2
Ng6 9. O-O Ngxe5 10. Nb3 Qb6 11. Be3 Qc7 12. Bb5 Bd7 13. Nxe5 Nxe5 14. Bxd7+
Nxd7 15. Re1 Be7 16. Bd4 O-O 17. Qg4 Bf6 18. Be3 a6 19. Nd2 Rac8 20. Rac1 Ne5
21. Qe2 Nc4 22. Nxc4 Qxc4 23. Qf3 Qxa2 24. Rb1 Qc4 25. Qg3 Qh4 26. Qxh4 Bxh4 27.
g3 Bf6 28. f4 Rc4 29. Rec1 Rfc8 30. Bd2 g6 31. Kf2 h5 32. h4 Re4 33. Kf3 Ra4 34.
b3 Ra2 35. Ke3 Kf8 36. b4 Ra3 37. Rc2 Rc4 38. Kf3 Bxc3 39. Bxc3 Raxc3+ 40. Rxc3
Rxc3+ 41. Kg2 Ke7 42. Rb2 Kd6 43. Ra2 Kc6 44. Rb2 Kb5 45. Kf2 Rc4 46. f5 gxf5
47. Re2 Rxb4 48. Rc2 Rc4 49. Rb2+ Kc6 50. Ke3 b5 0-1

[Event "ch-FRA Blitz Online Qual"]
[Site "Europe-Chess INT"]
[Date "2020.05.16"]
[Round "5"]
[White "Vidoni, Salma"]
[Black "Bourgeois, Ludovic"]
[Result "0-1"]
[WhiteElo "1309"]
[BlackElo "1748"]
[WhiteFideId "45107556"]
[BlackFideId "690678"]
[EventDate "2020.05.16"]

1. d4 g6 2. Nf3 Bg7 3. Bf4 c5 4. c3 Nc6 5. e3 cxd4 6. exd4 d5 7. Nbd2 Bg4 8. Be2
e6 9. O-O Nf6 10. h3 Bxf3 11. Nxf3 O-O 12. Ne5 Qb6 13. Qc2 Nxe5 14. Bxe5 Ne4 15.
Bf3 Bxe5 16. dxe5 Nc5 17. Rad1 Qc7 18. Qd2 Qxe5 19. Rfe1 Qg7 20. Qg5 h6 21. Qg4
Rad8 22. Qb4 b6 23. a4 Nb7 24. c4 Rb8 25. cxd5 exd5 26. Bxd5 Nc5 27. Bc4 Rbd8
28. Qb5 Rxd1 29. Rxd1 Qe5 30. b4 a6 31. Qxb6 Ne4 32. Qxa6 Qf4 33. f3 Qe3+ 34.
Kh2 Nf2 35. Rf1 Qf4+ 36. g3 Qd2 37. Kg2 Ne4+ 38. Kg1 Nxg3 39. Rf2 Qe1+ 40. Kg2
Nf5 41. Re2 Nh4+ 42. Kh2 Qf1 43. Kg3 Nf5+ 0-1

[Event "ch-FRA Blitz Online Qual"]
[Site "Europe-Chess INT"]
[Date "2020.05.16"]
[Round "5"]
[White "Serieys, Philippe"]
[Black "Le Bail, Stephane"]
[Result "0-1"]
[WhiteElo "1210"]
[BlackElo "1746"]
[WhiteFideId "36092576"]
[BlackFideId "655368"]
[EventDate "2020.05.16"]

1. e4 e5 2. Nf3 Nc6 3. Bc4 Bc5 4. d3 d6 5. Ng5 Nh6 6. Qf3 O-O 7. O-O Nd4 8. Qd1
Bg4 9. f3 Bh5 10. Nh3 Nxc2+ 11. Nf2 Nxa1 12. Nc3 Kh8 13. Bd2 f5 14. Qxa1 fxe4
15. Nxe4 Bb6 16. b4 d5 17. Bxd5 Qxd5 18. Bc3 Bd4 19. Bxd4 Qxd4 20. Qd1 Nf5 21.
Qd2 Ne3 22. Re1 Nc4 23. Qc2 Nd6 24. Qxc7 Nxe4 25. dxe4 Rac8 26. Qxb7 Rc2 27. Rf1
Rfc8 28. h3 h6 29. Qb5 Rxf2 30. Rxf2 Rc1+ 31. Kh2 Qxf2 32. Qe8+ Bxe8 0-1

[Event "ch-FRA Blitz Online Qual"]
[Site "Europe-Chess INT"]
[Date "2020.05.16"]
[Round "5"]
[White "Alaime, Maxime"]
[Black "Coutton, Aurelien"]
[Result "1/2-1/2"]
[WhiteElo "1834"]
[BlackElo "1211"]
[WhiteFideId "36045403"]
[BlackFideId "45121443"]
[EventDate "2020.05.16"]

1. e4 c5 2. Nc3 Nc6 3. g3 d6 4. Bg2 Nf6 5. d3 e6 6. f4 Bd7 7. Nf3 Be7 8. O-O O-O
9. h3 d5 10. e5 Ne8 11. Ne2 Nc7 12. c3 b5 13. d4 cxd4 14. Nexd4 Nxd4 15. Nxd4
Bc5 16. Kh2 f6 17. b4 Bb6 18. Be3 fxe5 19. fxe5 Qe7 20. Qd2 Rxf1 21. Rxf1 Rf8
22. Bf4 Be8 23. Bg5 Qd7 24. Rxf8+ Kxf8 25. h4 Bg6 26. Bh3 Bf5 27. Bxf5 exf5 28.
Qf2 g6 29. Qe2 Ne6 30. Bh6+ Kf7 31. Nxb5 Nc7 32. Nd6+ Ke6 33. c4 dxc4 34. Qxc4+
Kxe5 35. Bf4+ Kf6 36. Bg5+ Ke5 37. Bf4+ Kf6 38. Qc3+ Ke7 39. Qe5+ Qe6 40. Nc8+
Kd7 41. Nxb6+ Qxb6 42. Qg7+ Kc6 43. Qf6+ Kb7 44. Qe7 Qf2+ 45. Kh3 Qf1+ 46. Kh2
Qf2+ 47. Kh1 Qf1+ 48. Kh2 Qf2+ 1/2-1/2

[Event "ch-FRA Blitz Online Qual"]
[Site "Europe-Chess INT"]
[Date "2020.05.16"]
[Round "5"]
[White "Hwang, Daniel"]
[Black "Hadida, Simon"]
[Result "0-1"]
[WhiteElo "1557"]
[BlackElo "1900"]
[WhiteFideId "45136890"]
[BlackFideId "45132925"]
[EventDate "2020.05.16"]

1. e4 c5 2. Nc3 Nc6 3. f4 e6 4. Nf3 d5 5. Bb5 Ne7 6. O-O g6 7. Re1 d4 8. Ne2 Bg7
9. d3 O-O 10. Ng3 a6 11. Bxc6 Nxc6 12. e5 Ne7 13. Ne4 Nf5 14. Nxc5 b6 15. Ne4
Bb7 16. Qe2 Qd7 17. Qf2 Rfd8 18. Nh4 Rac8 19. Nxf5 exf5 20. Nd6 Rc5 21. Nxb7
Qxb7 22. b3 Rdc8 0-1

[Event "ch-FRA Blitz Online Qual"]
[Site "Europe-Chess INT"]
[Date "2020.05.16"]
[Round "5"]
[White "El Baroudi Abderrahmane"]
[Black "Hegedus, Pascal"]
[Result "1-0"]
[WhiteElo "1599"]
[BlackElo "1283"]
[WhiteFideId "9005382"]
[BlackFideId "20604289"]
[EventDate "2020.05.16"]

1. e4 c5 2. Nc3 e6 3. f4 d6 4. Nf3 Nc6 5. Bb5 Be7 6. Bxc6+ bxc6 7. O-O Qc7 8. f5
exf5 9. exf5 Bxf5 10. Re1 Nf6 11. Qe2 Be6 12. Ng5 Qd7 13. Nxe6 fxe6 14. Qxe6
Qxe6 15. Rxe6 Kf7 16. Re1 Rae8 17. d3 Bd8 18. Bd2 Rxe1+ 19. Rxe1 Re8 20. Kf2
Rxe1 21. Kxe1 Ng4 22. h3 Ne5 23. Bf4 Bf6 24. Ne4 Ke6 25. Nxf6 gxf6 26. Bxe5 fxe5
27. Ke2 d5 28. Ke3 d4+ 29. Kf3 Kf5 30. c3 h5 31. g3 a6 32. cxd4 exd4 33. b3 a5
34. a4 Kg5 35. Ke4 Kf6 36. Kf4 Kg6 37. Ke5 Kf7 38. Kd6 Kf6 39. Kxc6 Ke5 40. Kxc5
Kf5 41. Kxd4 1-0

[Event "ch-FRA Blitz Online Qual"]
[Site "Europe-Chess INT"]
[Date "2020.05.16"]
[Round "5"]
[White "Bachy, Louis"]
[Black "Carme, Jeremie"]
[Result "0-1"]
[WhiteElo "1264"]
[BlackElo "1659"]
[WhiteFideId "45161178"]
[BlackFideId "45184593"]
[EventDate "2020.05.16"]

1. e4 c5 2. Nc3 Nc6 3. f4 d6 4. Bc4 e6 5. Nf3 a6 6. d3 Be7 7. O-O b5 8. Bb3 Nf6
9. Qe1 d5 10. e5 Nd7 11. Qg3 O-O 12. f5 Kh8 13. f6 gxf6 14. exf6 Bxf6 15. Bh6
Rg8 16. Qf2 c4 17. dxc4 dxc4 18. Bxc4 bxc4 19. Ne4 Bxb2 20. Nd6 Qe7 21. Rad1 f5
22. Ng5 Rg6 23. Ngf7+ Kg8 24. Bg5 Rxg5 25. Qh4 Bf6 26. Nh6+ Kg7 27. Nhxf5+ exf5
28. Qxg5+ Bxg5 29. Nxf5+ Kg6 30. Nxe7+ Nxe7 31. Rfe1 Nc5 32. Rd6+ Kg7 33. Re5
Ne6 0-1